000 01030nas a2200325 4500
001 BR0802018
003 BR-BrBNA
005 20231205111904.0
007 ta
008 230509b bl.|||p| |||| 00| 00por d
040 _aBR-BrBNA
_bpor
_cBiblioteca Nacional de Agricultura
041 _a(Pt)
072 _aL51; P35
100 1 _aFichtner, S.S.
100 1 _aMargon, A.
100 1 _aPaula, A.N. de
100 1 _aJardim, E.C.
100 1 _aSilva, H.O. da
245 1 _aEstudo da composição mineral de solos, forragens e tecidos de bovinos do município de Rio Verde, Goiás.1 - cálcio, fósforo e magnésio
650 _aBOVINO
650 _aSOLO
650 _aFORRAGEM
650 _aCÁLCIO
650 _aFÓSFORO
650 _aMAGNÉSIO
650 _aNUTRIÇÃO ANIMAL
773 0 _tAnais da Escola de Agronomia e Veterinária - Universidade Federal de Goiás (Brazil)
_xISSN 0100-218X
_g(Jan-Dec 1990), v. 20(1) p. 7-13
_wBR0802018
909 _a202311
_bLúcia
_c55
_dLúcia Elande
942 _2AGRIS
_n0
_cANA
999 _c194975
_d194975